Statistiken für Stärkste Anime Charaktere

Klicken Sie hier um das Quiz zu spielen!

Allgemein

  • Dieses Quiz wurde 1.263 mal gespielt
  • Das Durchschnittsergebnis liegt bei 4 aus 10

Antwortstatistiken

HintAntwort% Korrekt
5Naruto Uzumaki
81%
2Goku
70%
3Saitama
69%
4Vegetieren
63%
6Sasuke Uchiha
51%
10Ichigo Kurosaki
35%
7Meliodas
11%
8Natsu Dragneel
10%
1Simon
2%
9Giovanna Tag
1%

Verteilung der Resultate

Perzentil nach korrekt beantworteten Fragen

Anzahl Personen mit jedem Resultat

Ihre Resultats-Entwicklung

Sie haben dieses Quiz noch nicht gespielt